书目信息 |
| 题名: |
下雨天一个人在家
|
|
| 作者: | 江国香织 著 ;张乐风 , 赵峻 , 李洁 译 | |
| 分册: | ||
| 出版信息: | 海口 南海出版公司 2017.02 |
|
| 页数: | 391页 | |
| 开本: | 21cm | |
| 丛书名: | ||
| 单 册: | ||
| 中图分类: | I313.65 | |
| 科图分类: | ||
| 主题词: | 随笔--作品集--日本--现代 | |
| 电子资源: | ||
| ISBN: | 978-7-5442-8781-4 | |
| 000 | 00787nam0 2200253 450 | |
| 001 | 0105213000 | |
| 005 | 20251022212331.31 | |
| 010 | @a978-7-5442-8781-4@dCNY45.00 | |
| 100 | @a20170905d2017 em y0chiy0120 ea | |
| 101 | 1 | @achi@cjpn |
| 102 | @aCN@b460000 | |
| 105 | @ay z 000cy | |
| 106 | @ar | |
| 200 | 1 | @a下雨天一个人在家@9xia yu tian yi ge ren zai jia@f(日)江国香织著@g张乐风,赵峻,李洁译 |
| 210 | @a海口@c南海出版公司@d2017.02 | |
| 215 | @a391页@d21cm | |
| 606 | 0 | @a随笔@x作品集@y日本@z现代 |
| 690 | @aI313.65@v5 | |
| 701 | 0 | @c(日)@a江国香织@9jiang guo xiang zhi@c(女,@f1964-)@4著 |
| 702 | 0 | @a张乐风@9zhang le feng@4译 |
| 702 | 0 | @a赵峻@9zhao jun@4译 |
| 702 | 0 | @a李洁@9li jie@4译 |
| 801 | 0 | @aCN@c20250912 |
| 905 | @a河南城建学院图书馆@dI313.65@eJ357@ZJ357@f3 | |
| 下雨天一个人在家/(日)江国香织著/张乐风,赵峻,李洁译.-海口:南海出版公司,2017.02 |
| 391页;21cm |
| ISBN 978-7-5442-8781-4:CNY45.00 |
| ● |
| 相关链接 |
|
|
|
正题名:下雨天一个人在家
索取号:I313.65/J357
 
预约/预借
| 序号 | 登录号 | 条形码 | 馆藏地/架位号 | 状态 | 备注 |
| 1 | 1636936 | 216369365 | 文学库116/ [索取号:I313.65/J357] | 在馆 | |
| 2 | 1636937 | 216369374 | 文学库116/116文学库 15排3列5层/ [索取号:I313.65/J357] | 在馆 | |
| 3 | 1636938 | 216369383 | 文学库116/116文学库 15排3列5层/ [索取号:I313.65/J357] | 在馆 |